Instituciones protestantes en México /

El presente estudio tiene por objeto analizar los principales elementos internos del protestantismo mexicano, en virtud de los cuales dicho organismo religioso va logrando el progreso y la expansión que se ha visto en los últimos años.

Guardado en:
Detalles Bibliográficos
Autor principal: Rivera R., Pedro (autor)
Formato: Libro
Idioma:Español
Publicado: México : Jus, 1962, c1962
Temas:
Etiquetas: Agrega una etiqueta
Sin etiquetas, Sé el primero en etiquetar este registro!

MARC

LEADER 00000nam^a2200000^a^4500
001 000119495
005 20250521000000.0
009 20260310094319.697
037 |a Acervo ITESO - Biblioteca 
041 |a ESP 
082 |a 280. 40972  |b RIV 
100 |a Rivera R., Pedro  |e (autor) 
245 1 0 |a Instituciones protestantes en México /  |c P. Rivera R. 
264 4 |a México :  |b Jus,  |c 1962, c1962 
300 |a IX, 188 p. 
336 |a texto  |b txt  |2 rdacontenido 
337 |a sin mediación  |b n  |2 rdamedio 
338 |a volumen  |b nc  |2 rdasoporte 
520 |a El presente estudio tiene por objeto analizar los principales elementos internos del protestantismo mexicano, en virtud de los cuales dicho organismo religioso va logrando el progreso y la expansión que se ha visto en los últimos años. 
649 |a XX 
650 |a Protestantismo -  |z México 
650 |a Cristianismo -  |z México 
650 |a Religión -  |z México 
650 |a Religión 
910 |a Fondo Salvador Reynoso Reynoso 
920 |a Impresos - Libros 
930 |a Fondos Especiales 
905 |a 112 
901 |a 0800005310  |b IT2  |c ESP  |u 20250521 
902 |a https://opac.biblio.iteso.mx/vufind/Record/000119495